000 00971nam a22002537a 4500
005 20180301144150.0
010 _a1617EN ENG-117573
020 _a9788175247482
_c700.00
035 _aB-652737-742
035 _aB-667647
035 _aEN-101105
037 _bKKP
037 _bDBAD/PUB
082 _a796.07
100 _aKulbeer Singh
245 _aTeaching Methods in Physical Education /
_cby Kulbeer Singh [and] Jaswinder Singh
260 _aNew Delhi
_bKhel Sahitya Kendra
_c2016
270 _a7/26, Ansari Road, Darya Ganj
_bNew Delhi
_e110002
300 _a224p.
_b22cm(HB)
700 _aJaswinder Singh
942 _2ddc
_cEN
_h796.07
_mKUL
999 _c102588
_d102588